|
|
|
|
| LEADER |
00000cam a22000004a 4500 |
| 001 |
musev2_77739 |
| 003 |
MdBmJHUP |
| 005 |
20230905052025.0 |
| 006 |
m o d |
| 007 |
cr||||||||nn|n |
| 008 |
201121s2020 dcu o 00 0 eng d |
| 020 |
|
|
|a 9780815738299
|
| 020 |
|
|
|z 0815738293
|
| 020 |
|
|
|z 9780815738251
|
| 040 |
|
|
|a MdBmJHUP
|c MdBmJHUP
|
| 100 |
1 |
|
|a Eberly, Janice.
|
| 245 |
1 |
0 |
|a Brookings Papers on Economic Activity: Fall 2019 /
|
| 264 |
|
1 |
|a Washington, DC :
|b Brookings Institution Press,
|c 2020.
|
| 264 |
|
3 |
|a Baltimore, Md. :
|b Project MUSE,
|c 0000
|
| 264 |
|
4 |
|c ©2020.
|
| 300 |
|
|
|a 1 online resource (541 pages).
|
| 336 |
|
|
|a text
|b txt
|2 rdacontent
|
| 337 |
|
|
|a computer
|b c
|2 rdamedia
|
| 338 |
|
|
|a online resource
|b cr
|2 rdacarrier
|
| 490 |
0 |
|
|a ISSN
|
| 500 |
|
|
|a Description based upon print version of record.
|
| 505 |
0 |
|
|a Front Cover -- Title Page -- Copyright Information -- Table of Contents -- All Medicaid Expansions Are Not Created Equal: The Geography and Targeting of the Affordable Care Act -- Policies and Payoffs to Addressing America's College Graduation Deficit -- The Optimal Inflation Target and the Natural Rate of Interest -- Inflation Dynamics: Dead, Dormant, or Determined Abroad? -- Macri's Marco: The Elusive Road to Stability and Growth -- Progressive Wealth Taxation
|
| 588 |
|
|
|a Description based on print version record.
|
| 650 |
|
7 |
|a Microeconomics.
|2 fast
|0 (OCoLC)fst01019730
|
| 650 |
|
7 |
|a Economic policy.
|2 fast
|0 (OCoLC)fst00902025
|
| 650 |
|
7 |
|a Economic history.
|2 fast
|0 (OCoLC)fst00901974
|
| 650 |
|
6 |
|a Microeconomie.
|
| 650 |
|
0 |
|a Microeconomics.
|
| 651 |
|
7 |
|a United States.
|2 fast
|0 (OCoLC)fst01204155
|
| 651 |
|
6 |
|a États-Unis
|x Politique economique.
|
| 651 |
|
6 |
|a États-Unis
|x Conditions economiques.
|
| 651 |
|
0 |
|a United States
|x Economic policy.
|
| 651 |
|
0 |
|a United States
|x Economic conditions.
|
| 655 |
|
7 |
|a Livres numeriques.
|2 rvmgf
|
| 655 |
|
7 |
|a Electronic books.
|2 local
|
| 700 |
1 |
|
|a Stock, Jame H.
|
| 710 |
2 |
|
|a Project Muse.
|e distributor
|
| 830 |
|
0 |
|a Book collections on Project MUSE.
|
| 856 |
4 |
0 |
|z Texto completo
|u https://projectmuse.uam.elogim.com/book/77739/
|
| 945 |
|
|
|a Project MUSE - Custom Collection
|